000 00890nam a2200253 a 4500
001 68452
003 BD-RjUL
005 20211209081756.0
008 170403r19551954enka b 00110 eeng d
035 _a(BD-RjUL)68662
040 _aBD-RjUL
_beng
_cBD-RjUL
_dBD-RjUL
041 1 _aeng
_hfre
082 _223
_a915.9
_bROM 1955
100 1 _aRobequain, Charles
_969394
245 1 0 _aMalaya, Indonesia, Borneo, and the Philippines :
_bA geographical, economic, and political description of Malaya, the East Indies, and the Philippines /
_cby Charles Robequain ; translated by E.D. Laborde
260 _aLondon :
_bLongmans, Green,
_c1955
300 _axi, 456 p. :
_bill. ;
_c23 cm
500 _aSecond Impression.
504 _aBibliography: p. 445-457
650 _aAsia--Malay Archipelago
_9205752
651 _aPhilippines
_9205753
700 _aLaborde, E.D.
_9202925
942 _2ddc
_cBK
999 _c68452
_d68452